| 000 | 00620nam a2200217Ii 4500 | ||
|---|---|---|---|
| 001 | 19096 | ||
| 003 | CO-ViMGA | ||
| 008 | 241108s9999||||xx |||||||||||||| ||und|| | ||
| 020 | _a86018083 | ||
| 040 |
_aCO-ViMGA _bspa _erda _cCO-ViMGA |
||
| 041 | 0 | _aspa | |
| 082 | 0 | 4 | _a307.141209861 V14d |
| 100 | 1 |
_aMario Valderrama Ch. _950323 |
|
| 245 | 1 | 0 | _aDesarrollo y equidad con campesinos |
| 264 | 1 | _aBogotá, Colombia : IICA, 1998 | |
| 300 | _avolumen | ||
| 336 |
_atext _btxt _2rdacontent |
||
| 337 |
_aunmediated _bn _2rdamedia |
||
| 338 |
_avolume _bnc _2rdacarrier |
||
| 940 | _aidficha_siabuc: 18753. -- ficha_no_siabuc:19096 | ||
| 999 |
_c45006 _d45006 |
||